Química inorgánica y general / (Record no. 84426)

MARC details
000 -LEADER
campo de control de longitud fija 00610nam a2200193 i 4500
001 - NÚMERO DE CONTROL
campo de control 84426
003 - IDENTIFICADOR DE NÚMERO DE CONTROL
campo de control ES-MaACL
005 - FECHA Y HORA DE LA ÚLTIMA TRANSACCIÓN
campo de control 20230906175020.0
007 - CAMPO FIJO DE DESCRIPCIÓN FÍSICA--INFORMACIÓN GENERAL
campo de control de longitud fija t|
008 - DATOS DE LONGITUD FIJA--INFORMACIÓN GENERAL
campo de control de longitud fija 041122s1965 sp ||||1| spa d
100 1# - ENTRADA PRINCIPAL--NOMBRE DE PERSONA
Nombre de persona Jander, Gerhart.
9 (RLIN) 65995
245 10 - MENCIÓN DEL TÍTULO
Título Química inorgánica y general /
Mención de responsabilidad, etc. Gerhart Jander, Hans Spandau ; traducción y prólogo por J.B. Vericad.
250 ## - MENCION DE EDICION
Mención de edición [1ª ed.].
260 ## - PUBLICACIÓN, DISTRIBUCIÓN, ETC.
Lugar de publicación, distribución, etc. Barcelona :
Nombre del editor, distribuidor, etc. Grijalbo,
Fecha de publicación, distribución, etc. 1965.
300 ## - DESCRIPCIÓN FÍSICA
Extensión XXVIII, 734 p. :
Otras características físicas il. ;
Dimensiones 24 cm.
700 1# - ENTRADA AGREGADA--NOMBRE PERSONAL
Nombre de persona Spandau, Hans.
9 (RLIN) 107634
700 1# - ENTRADA AGREGADA--NOMBRE PERSONAL
Nombre de persona Vericad, Juan Bautista.
9 (RLIN) 114130
852 ## - LOCALIZACIÓN
Ubicación ES-MaACL
Número de control de estantería C-26268
Sublocalización o colección R.55339
Holdings
Estatus retirado Estado de pérdida Estado de daño No para préstamo Biblioteca de origen Biblioteca actual Ubicación en estantería Fecha de adquisición Fuente de adquisición Total de préstamos Signatura topográfica completa Código de barras Visto por última vez Precio de reemplazo Tipo de ítem Koha
        Biblioteca del Ateneo de Madrid Biblioteca del Ateneo de Madrid Depósito 2 17/01/2008     C-26268 1088229 23/02/2023 23/02/2023 Libro impreso